000 00771cab a2200277 4500
001 ABS60513
008 090401t1999 xxu||||| |||| 00| 0 eng d
035 _a(Sirsi) u93048
041 _aeng
100 _aFrost, R.
245 _aOptions and lessees` rights of first refusal
260 _c1999
350 _a0
490 _aThe Conveyancer
_v63 March/April 1999, 107-112(4)
650 _aDISPOSAL OF INTEREST
650 _aHOUSING ACT 1996
650 _aLANDLORD AND TENANT ACT 1987 PART 1
650 _aLANDLORDS INTEREST
650 _aMAINWARING V HENRY SMITH CHARITIES TRUSTEES
650 _aOPTIONS
650 _aSPIRO V GLENCROWN PROPERTIES
650 _aTENANTS
690 _aPROPERTY-LANDLORD AND TENANT
942 _n0
948 _c29/04/1999
999 _c58972
_d58972